00392nam a2200121Ia 4500020001800000082002200018100001700040245008400057260004100141300001600182650003600198650003600234 a0 7100 1601 8 aRR 495.4321 JAS-; aJaschke, H.A 0aTibetan - English dictionary: with special reference to the prevailing dialects aLondonbRoutledge & Kegan Paulc1881 axxii, 671p. aEnglish language - Dictionaries aTibetan language - Dictionaries